• 首页
  • 本馆介绍
  • 公告通知
  • 最新文献
  • 馆藏检索
  • 电子资源
  • 读者导购
  • 参考咨询
  • 我的图书馆
  • 登录
  • 详细信息显示
  • 放入我的书架
  • 预约/预借图书
  • 作者相关作品
  • 分类相关作品
  • 丛书相关作品
  • 出版社相关作品

书目信息

  • 表格格式
  • 工作单格式
  • 卡片格式
题名:
规模化人工饲草种植与加工调制
    
 
作者: 刘辉 , 李国庆 主编
分册:  
出版信息: 北京   金盾出版社  2017
页数: 297页
开本: 21cm
丛书名:
单 册:
中图分类: S54
科图分类:
主题词: 牧草--mu cao--栽培技术 , 牧草--mu cao--饲料加工
电子资源:
ISBN: 978-7-5186-1006-8
000 00992nam0 2200277 450
001 012001002793
005 20131015161341.0
010    @a978-7-5186-1006-8@dCNY28.00
099    @aCAL 012017107169
100    @a20170630d2017 ekmy0chiy50 ea
101 0  @achi
102    @aCN@b110000
105    @ak z 000yy
106    @ar
200 1  @a规模化人工饲草种植与加工调制@Agui mo hua ren gong si cao zhong zhi yu jia gong tiao zhi@f刘辉, 李国庆主编
210    @a北京@c金盾出版社@d2017
215    @a297页@d21cm
330    @a本书内容包括:主要牧草品种与栽培技术、主要牧草种子的生产技术、主要饲用作物品种与栽培技术、青贮饲料的加工调制技术、牧草的加工调制、农作物秸秆的加工处理等。
333    @a本书适用于从事养殖业和饲草栽培生产的技术人员和生产者
606 0  @a牧草@Amu cao@x栽培技术
606 0  @a牧草@Amu cao@x饲料加工
690    @aS54@v5
701  0 @a刘辉@Aliu hui@4主编
701  0 @a李国庆@Ali guo qing@4主编
801  0 @aCN@b北京卓展@c20191020
905    @b1205829-32@dS54@e103@f4
    
    规模化人工饲草种植与加工调制/刘辉, 李国庆主编.-北京:金盾出版社,2017
    297页;21cm
    使用对象:本书适用于从事养殖业和饲草栽培生产的技术人员和生产者
    
    ISBN 978-7-5186-1006-8:CNY28.00
    本书内容包括:主要牧草品种与栽培技术、主要牧草种子的生产技术、主要饲用作物品种与栽培技术、青贮饲料的加工调制技术、牧草的加工调制、农作物秸秆的加工处理等。
●
相关链接 在E读中查询图书 在五车中查询图书 在当当中查询图书 在豆瓣中查询图书


正题名:规模化人工饲草种植与加工调制     索取号:S54/103         预约/预借

序号 登录号 条形码 馆藏地/架位号 状态 备注
1 1205829   212058299   第二样本阅览室/ [索取号:S54/103] 在馆    
2 1205830   212058306   第三借阅区/ [索取号:S54/103] 在馆    
3 1205831   212058315   第三借阅区/ [索取号:S54/103] 在馆    
4 1205832   212058324   第三借阅区/ [索取号:S54/103] 在馆    
唐山师范学院图书馆 欢迎您!
大连网信软件有限公司© 版权所有